|
|
|
|
| LEADER |
00000nam0a2200000 4500 |
| 001 |
286773 |
| 005 |
20231101235926.0 |
| 035 |
|
|
|a (RuTPU)RU\TPU\book\311118
|
| 090 |
|
|
|a 286773
|
| 100 |
|
|
|a 20150310d1979 k y0rusy50 ca
|
| 101 |
0 |
|
|a rus
|
| 102 |
|
|
|a RU
|
| 105 |
|
|
|a a z 001zy
|
| 200 |
1 |
|
|a Физико-химические условия эндогенного рудообразования
|f В. Г. Моисеенко, В. В. Малахов
|g Академия наук СССР (АН СССР), Дальневосточный научный центр (ДНЦ), Дальневосточный геологический институт (ДВГИ)
|
| 210 |
|
|
|a Москва
|c Наука
|d 1979
|
| 215 |
|
|
|a 200 с.
|c ил.
|
| 320 |
|
|
|a Библиогр.: с. 185-198.
|
| 606 |
1 |
|
|a Рудные месторождения, эндогенные
|2 stltpush
|3 (RuTPU)RU\TPU\subj\26020
|9 50039
|
| 610 |
1 |
|
|a эндогенное рудообразование
|
| 610 |
1 |
|
|a физико-химические условия
|
| 610 |
1 |
|
|a газово-жидкие включения
|
| 610 |
1 |
|
|a солевой состав
|
| 610 |
1 |
|
|a газовый состав
|
| 610 |
1 |
|
|a гидротермальные растворы
|
| 610 |
1 |
|
|a генетические типы
|
| 675 |
|
|
|a 553.3/.4.062
|v 3
|
| 700 |
|
1 |
|a Моисеенко
|b В. Г.
|g Валентин Григорьевич
|
| 701 |
|
1 |
|a Малахов
|b В. В.
|g Виктор Васильевич
|
| 712 |
0 |
2 |
|a Академия наук СССР (АН СССР)
|b Дальневосточный научный центр (ДНЦ)
|b Дальневосточный геологический институт (ДВГИ)
|c (Владивосток)
|2 stltpush
|3 (RuTPU)RU\TPU\col\11563
|
| 801 |
|
1 |
|a RU
|b 63413507
|c 20150310
|
| 801 |
|
2 |
|a RU
|b 63413507
|c 20150318
|g RCR
|
| 942 |
|
|
|c BK
|